| 000 | 00641nam a2200241 a 4500 | ||
|---|---|---|---|
| 001 | nice12345678 | ||
| 003 | IN_TiNIC | ||
| 005 | 20260116013209.0 | ||
| 008 | 050524s1994 sana grp 000 0 eng | ||
| 020 |
_a1555427 _c977.5 |
||
| 082 | 0 | 0 |
_a303.69 _bSCH |
| 100 | _aSchwarz, Roger M | ||
| 245 |
_aSkilled Faciliator _b Practical Wisdom for Developing Effective Groups. |
||
| 260 |
_aSan Francisco _bJossey-Bass Publishers _c1994 |
||
| 300 | _a314p | ||
| 500 | _aincludes index and biblioraphy | ||
| 505 | 2 | _aIndex | |
| 650 | _aMediation | ||
| 700 | 1 | _aSchwarz, Roger M | |
| 902 | _bSRS | ||
| 942 | _cBK | ||
| 999 |
_c10078 _d10078 |
||